000 00415nam a2200181Ia 4500
001 10132
005 20260306161809.0
008 260306t2017||||xx |||||||||||||| ||spa||
041 _aESP
082 _a901
_bF331
100 _aFebvre, Lucien
_eAUT
245 0 _aCombates por la historia
260 _c2017
300 _a222 páginas :
_c24 cm.
650 _aGEN
654 _aCHU
942 _cLIB
_dJUS
_fJUS
_2ddc
_n
999 _c10132
_d10132